000 00600cam a22002293a 4500
001 9870
003 PGUSA
005 20140828083217.0
008 060201s2006||||xxu|||||s|||||000 p eng d
040 _aPGUSA
_beng
042 _adc
050 4 _aPS
100 1 _aCrane, Stephen,
_d1871-1900
245 1 0 _aWar is Kind
_h[electronic resource] /
_cStephen Crane
260 _bProject Gutenberg,
_c2006
506 _aPublic domain in the USA.
516 _aElectronic text
653 _aPoetry
830 0 _aProject Gutenberg
_v9870
856 4 0 _uhttp://www.gutenberg.org/ebooks/9870
942 _cEB
999 _c239126
_d239126